Chalef elahmar's Qasside : berichtigter arabischer Text, Übersetzung und Commentar, mit Benutzung vieler handschriftlichen Quellen. Nebst würdigung Josef von Hammer's als Arabisten
Main Author:
Other Authors:
Format: Book
Language: Undetermined
Published:
German
C.A. Koch, Greifswald
1859
Series:
Princeton University Arabic collection
Subjects:
Tags: Add Tag
Call Number: (R)PJ7741.K45A17A3
| LEADER | 01014nam a2200229Ia 4500 | ||
|---|---|---|---|
| 005 | 20240702075015.0 | ||
| 008 | 221002s9999||||xx |||||||||||||| ||und|| | ||
| 952 | |0 0 |1 0 |2 lcc |4 0 |6 PJ7741 K45 A17 A3 |7 1 |9 43038 |a ARCE |b ARCE |d 2022-10-02 |l 0 |o PJ7741.K45A17A3 |p 1035032 |r 2022-10-02 00:00:00 |w 2022-10-02 |y BK | ||
| 999 | |c 49594 |d 49594 | ||
| 050 | 4 | |a (R)PJ7741.K45A17A3 | |
| 100 | 1 | |a Khalaf al-Aḥmar | |
| 245 | 1 | 0 | |a Chalef elahmar's Qasside : berichtigter arabischer Text, Übersetzung und Commentar, mit Benutzung vieler handschriftlichen Quellen. Nebst würdigung Josef von Hammer's als Arabisten |
| 264 | 1 | |a German |b C.A. Koch, Greifswald |c 1859 | |
| 300 | |a 456p. |c 23 cm | ||
| 336 | |2 rdacontent |a text |b txt | ||
| 337 | |2 rdamedia |a unmediated |b n | ||
| 338 | |2 rdacarrier |a volume |b n | ||
| 490 | 0 | |a Princeton University Arabic collection | |
| 650 | 4 | |a Arabic poetry Hammer-Purgstall, Joseph, Freiherr von, 1774-1856 | |
| 650 | 4 | |a Hammer-purgstal, joseph, freiherr von, 1774- 1856 | |
| 700 | 1 | |a Wilhelm Alwardt | |
| 942 | |2 lcc |c BK | ||
